000 00222nam a2200097Ia 4500
005 20251222153556.0
008 251222s9999||||xx |||||||||||||| ||spa||
082 _aREF.035/E55
245 0 _aEnciclopedia Einaudi
942 _cLIB
999 _c31023
_d31023